Bienvenue à la Médiathèque de Saint-Andiol
banniere
Accueil Recherche avancée Mon compte
handi1 Rechercher dans le catalogue

Filtre   Mots-clés
  Recherche avancée
 
Lister les dernières nouveautés
 
Lister les livres GROS CARACTERES
 
Lister les périodiques (magazines)

handi1 Guerre, trois couronnes (Une)

Book Cover
Auteur principal : Olivier Peru
Autres auteurs : Stéphane Bileau
Autres auteurs : Elodie Jacquemoire
Titre : Guerre, trois couronnes (Une)
Support : Livres
Langue : Francais
Publié : 2022 Soleil Toulon
Series : Les Elfes blancs
Genre : Bande dessinée (ados-adultes)
Collection : Fantastique
Sujets :
Étiquettes :
Pas de tags
LEADER 01004nam0a2200241 450
001 16867810
010 |a 978-2-302-08929-7  |b cart.  |d 15,5 € 
100 |a 20220422d2022 u u0frey01 ba 
101 0 |a fre 
102 |a FR 
200 0 |a Guerre, trois couronnes (Une)  |f scénario Peru  |g dessin Bileau - couleurs Jacquemoire 
207 1 |a   
210 |a Toulon  |c Soleil  |d 2022 
215 |a 1 vol. (56 p.)  |c illustrations en couleur  |d 33 cm 
225 1 |a Fantastique 
330 |a Afin de mieux protéger les siens, le Marteau forme une troupe d'élite. Son credo : tuer dans l'oeuf tous les périls menaçant les elfes à travers le monde et gagner les guerres avant qu'elles n'éclatent. 
461 0 |t Les Elfes blancs  |v 07 
700 0 |a Peru  |b Olivier  |4 70 
701 0 |a Bileau  |b Stéphane  |4 440 
702 0 |a Jacquemoire  |b Elodie  |4 410 
900 |a Bande dessinée (ados-adultes) 
901 |a Adultes 
995 |a Médiathèque  |c Médiathèque  |f 00156009405341  |h 00156009405341  |k BDJ ELF BLA 7  |o p  |q a  |r az  |e Médiathèque